000 01223nam0a2200361 4500
001 RU\NLR\bibl\234302
005 20250619111948.0
010 _a5-85457-176-5
_91000
021 _aRU
_b2001-40288
_91910
035 _a(NLR Aleph) 000230235
090 _a1339810
_c1339810
100 _a20020212d2001 |||y0rusy50 ca
101 0 _arus
102 _aRU
105 _aa |||||||||
200 1 _a"Утешен буду я любовью..."
_eДневник Пушкин. года
_fВалентина Кашкова
210 _aТверь
_cТвер. обл. кн.-журн. изд-во
_d2001
215 _a189, [2] с.
_cил.
_d20
606 0 _aПушкинские места
_yТверская область
_92085766
_3RU\NLR\auth\661261889
675 _a821.161.1.09
_v3
_zrus
686 _a17
_2rugasnti
686 _a83.3(2Рос=Рус)1
_2rubbk
686 _aШ5(2=Р)51-4Пушкин28
700 1 _aКашкова
_bВ. Ф.
_gВалентина Федоровна
_4070
801 0 _aRU
_bRKP
_c20020212
_gPSBO
801 1 _aRU
_bRKP
_c20020212
801 2 _aRU
_bNLR
_c20050422
_grcr
942 _cBOOK
980 _aNB
980 _aNBR